Masný průmysl v zemích Evropských společenství.

Základné ukazovatele mäsopriemyslu Európskych spoločenstiev. Podiel mäsopriemyslu na ukazovateľoch potravinárskeho priemyslu ES. Štruktúra mäsopriemyslu podľa veľkosti podnikov. Jatočná výroba v SRN, Dánsku, Taliansku, Holandsku a Veľkej Británii. Hydinársky priemysel a ponuka a dopyt na jeho trhu....

Description complète

Enregistré dans:
Détails bibliographiques
Auteur principal: Janda, Karel
Autres auteurs: Linhart, K.
Format: Chapitre de livre
Langue:tchèque
Sujets:
Tags: Ajouter un tag
Pas de tags, Soyez le premier à ajouter un tag!

MARC

LEADER 00000naa a2200000 4500
001 r009084
005 20220831091113.2
041 0 |a cze 
044 |a [CS] 
245 1 0 |a Masný průmysl v zemích Evropských společenství.  |c Karel Janda, K. Linhart 
520 |a Základné ukazovatele mäsopriemyslu Európskych spoločenstiev. Podiel mäsopriemyslu na ukazovateľoch potravinárskeho priemyslu ES. Štruktúra mäsopriemyslu podľa veľkosti podnikov. Jatočná výroba v SRN, Dánsku, Taliansku, Holandsku a Veľkej Británii. Hydinársky priemysel a ponuka a dopyt na jeho trhu. Tendencia ku koncentrácii výroby. 
610 2 0 |a mäsopriemysel 
610 2 0 |a Európske spoločenstvá 
610 2 0 |a ukazovatele štatistické 
610 2 0 |a potravinárstvo 
610 2 0 |a výroba živočíšna 
610 2 0 |a koncentrácia výroby 
610 2 0 |a obchod zahraničný 
100 1 |a Janda, Karel 
700 1 |a Linhart, K.